Investment potential within the residential private rented sector (Record no. 63390)

MARC details
000 -LEADER
fixed length control field 01279cam a2200229 4500
001 - CONTROL NUMBER
control field ABS62206
008 - FIXED-LENGTH DATA ELEMENTS--GENERAL INFORMATION
fixed length control field 000000n2000 000 0 eng u
035 ## - SYSTEM CONTROL NUMBER
System control number (Sirsi) u105855
100 ## - MAIN ENTRY--PERSONAL NAME
Personal name Mansfield, J.R.
245 ## - TITLE STATEMENT
Title Investment potential within the residential private rented sector
260 ## - PUBLICATION, DISTRIBUTION, ETC.
Date of publication, distribution, etc. 2000
490 ## - SERIES STATEMENT
Series statement Property Management
Volume/sequential designation 18(1), 34-45(17)
520 ## - SUMMARY, ETC.
Summary, etc. The residential private rented sector in the UK, in decline for many years but showing net growth in numbers since 1989, is still largely ignored by institutional investors. The estimated capital value of the sector is £150bn with an estimated annual rental value of £15bn (UBS 1996). The author considers that the sector has potential to make a significant contribution to the housing needs of the future; assesses the reasons for the growth of owner occupation, its problems in recent years; the key characteristics of the private rented sector and the trends which make investment in the sector increasingly feasible. Statistics, graphs, references.
590 ## - LOCAL NOTE (RLIN)
Local note ABS
650 ## - SUBJECT ADDED ENTRY--TOPICAL TERM
Topical term or geographic name entry element HOUSING INVESTMENT
650 ## - SUBJECT ADDED ENTRY--TOPICAL TERM
Topical term or geographic name entry element INVESTMENT PROPERTY
650 ## - SUBJECT ADDED ENTRY--TOPICAL TERM
Topical term or geographic name entry element RESIDENTIAL SECTOR
650 ## - SUBJECT ADDED ENTRY--TOPICAL TERM
Topical term or geographic name entry element INSTITUTIONAL INVESTMENT
650 ## - SUBJECT ADDED ENTRY--TOPICAL TERM
Topical term or geographic name entry element PRIVATE RENTED SECTOR
690 ## - LOCAL SUBJECT ADDED ENTRY--TOPICAL TERM (OCLC, RLIN)
Topical term or geographic name as entry element HOUSING-INVESTMENT
942 ## - ADDED ENTRY ELEMENTS (KOHA)
Suppress in OPAC 0
Holdings
Withdrawn status Lost status Source of classification or shelving scheme Damaged status Not for loan Home library Current library Shelving location Date acquired Total Checkouts Full call number Barcode Date last seen Copy number Price effective from Koha item type
    Dewey Decimal Classification     London London Journal article 09/05/2000   ABS62206 105855-1001 06/08/2019 1 06/08/2019 Journal article